000 00386nam a2200157Ia 4500
008 151213s9999 xx 000 0 und d
100 _aRoy B.West Jr.,
245 _aThe Writer In The Room
_cRoy B.West Jr.,
250 _a1st
260 _aIndia
_bPopular Prokashon
_c1972
300 _a4523 p.
650 _aCritics
650 _aEnglish
700 _aRoy B.West Jr.,
999 _c2898
_d2898